| 000 | 01218nam a2200313 b 4500 | ||
|---|---|---|---|
| 001 | Mimo0002258674 | ||
| 003 | SpMaBN | ||
| 005 | 20190106173803.0 | ||
| 008 | 070928s2007 sp | ||| ||spa | ||
| 015 | _aMON0710 | ||
| 016 | 7 |
_abimoBNE20070659886 _2SpMaBN |
|
| 017 |
_aBI 1549-2007 _bOficina Depósito Legal Vizcaya |
||
| 020 | _a9788498300789 | ||
| 035 | _a(OCoLC)180133726 | ||
| 040 |
_aSpMaBN _cIUNIR |
||
| 080 | 0 | _a378 REF | |
| 245 | 1 | 0 |
_aReflexiones y perspectivas de la Educación Superior en América Latina _binforme final, proyecto Tuning, América Latina, 2004-2007 _ceditado por Pablo Beneitone ... [et al.] |
| 246 | 1 | 4 | _aTuning |
| 260 |
_aBilbao _bUniversidad de Deusto ; _a[Groningen] _bUniversidad de Groningen _c2007 |
||
| 300 |
_a429 p. _bgráf. _c22 cm |
||
| 650 | 1 | 0 |
_aEducación Superior _9489 |
| 650 | 7 | _aCOMPETENCIAS | |
| 700 | 1 | _aBeneitone, Pablo | |
| 942 |
_2cdu _cBK |
||
| 956 | _a2 | ||
| 980 |
_aBI 1549-2007 _a978-84-9830-078-9 (ISBN único) _aM-BN _bBNALCALA _j12/455132 _cALCALA |
||
| 980 |
_aBI 1549-2007 _a978-84-9830-078-9 (ISBN único) _aM-BN _bBNALCALA _jAHMo/293614 _cSG_PETANTI |
||
| 980 |
_aBI 1549-2007 _a978-84-9830-078-9 (ISBN único) _aM-BN _bBNALCALA _jDL/1593801 _cCONSERVACI |
||
| 999 |
_c3712 _d3712 |
||